El esplendor de la Grecia clásica /

Guardado en:
Autor Principal: Barraclough, Gerry
Formato: Deslizar
Materias:
Etiquetas: Agregar Etiqueta
Sin Etiquetas, Sea el primero en etiquetar este registro!
LEADER 01114ngm a22003255g 4500
001 CEM.cems022345
008 130507b1998##################0###0#####d
005 20241029153234.0
245 1 0 |a El esplendor de la Grecia clásica /  |c Gerry Barraclough. 
300 |a 48'. 
500 |a En soporte VHS, consultar en ventanilla. 
505 0 |a El gobierno de Pericles (siglo V a.C.). Época clásica. Democracia. Dioses. Ménades: sus rituales. Tragedia y comedia. Juegos y deporte. Sócrates. Muerte de Pericles. Guerra con Esparta. 
538 |a Soporte: VHS - Norma: Pal N - Color: Si - Grabación DRD 1998 - Hitachi=3840 
100 1 |a Barraclough, Gerry 
082 9 3 |/ GAR 
653 |a HISTORIA ANTIGUA 
653 |a GRECIA CLASICA 
653 |a DEMOCRACIA 
653 |a DEPORTES 
653 |a PERICLES 
653 |a SOCRATES 
653 |a PERICLES 
653 |a ESPARTA 
653 |a ATENAS 
653 |a TRAGEDIA Y COMEDIA 
653 |a MENADES 
653 |a JUEGOS 
653 |a NIVEL PRIMARIO 
653 |a NIVEL SECUNDARIO 
859 |a CEMS  |b BIB. CEMS - Depto. Recursos Didacticos  |h 932  |i GAR  |k DRD  |p 988.12  |t Ej.1